Musical Acts with an 'M' - Statistics

General Stats
  • This quiz has been taken 57 times
  • The average score is 26 of 86
Answer Stats
Song Answer % Correct
Pop Muzik M
100%
Thriller Michael Jackson
81%
No Woman No Cry Bob Marley & the Wailers
79%
Enter Sandman Metallica
79%
Wrecking Ball Miley Cyrus
79%
Father Figure George Michael
74%
I Heard it Through the Grapevine Marvin Gaye
72%
Come on Eileen Dexys Midnight Runners
70%
Ironic Allanis Morrisette
67%
The Mighty Quinn Manfred Mann
67%
Paper Planes MIA
67%
Brown Eyed Girl Van Morrison
65%
All About That Bass Meghan Trainor
63%
Down Under Men at Work
63%
Our House Madness
58%
Borderline Madonna
58%
Ace of Spades Motorhead
58%
Good Vibrations Marky Mark & the Funky Bunch
56%
The Joker Steve Miller Band
56%
Mandy Barry Manilow
51%
Always Be My baby Mariah Carey
51%
Blame it on the Rain Milli Vanilli
51%
Uptown Funk Mark Ronson
49%
Beds Are Burning Midnight Oil
49%
Maybe I'm Amazed Paul McCartney
49%
The Rose Bette Midler
47%
When a Man Loves a Woman (Cover) Michael Bolton
42%
Baby Got Back Sir Mix-A-Lot
42%
You Make Loving Fun Fleetwood Mac
40%
The Living Years Mike + the Mechanics
40%
Rhythm is Gonna Get You Gloria Estefan & the Miami Sound Machine
37%
Puff the Magic Dragon Peter Paul & Mary
35%
Symphony of Destruction Megadeth
33%
Broken Wings Mister Mister
33%
No Rain Blind Melon
28%
Dancing in the Street Martha & the Vandellas
28%
Your Wildest Dreams Moody Blues
28%
Come to My Window Melissa Etheridge
26%
Crash Into Me Dave Matthews Band
23%
Take Me Home Tonight Eddie Money
23%
I Keep Forgettin' Michael McDonald
23%
Melt With You Modern English
23%
Everyday is Like Sunday Morrissey
23%
Smokin' In the Boys Room Motley Crue
21%
Gonna Make You Sweat C & C Music Factory
19%
Objects in the Rearview Mirror Meatloaf
19%
Pop Goes the World Men Without Hats
19%
Be With You Mr. Big
19%
Bang Bang Nikki Minaj
19%
Suddenly Last Summer The Motels
19%
Walkin' in Memphis Marc Cohen
16%
I'm Not Okay (I Promise) My Chemical Romance
16%
Don't Mean Nothing Richard Marx
16%
Epic Faith No More
14%
Harder to Breathe Maroon Five
14%
Hoochie Coochie Man Muddy Waters
14%
These Are Days 10,000 Maniacs
12%
Tourniquet Marilyn Manson
12%
Be Without You Mary J. Blige
12%
If I Was Midge Ure
12%
What About Me? Moving Pictures
12%
Birdhouse in Your Soul They Might Be Giants
12%
I Was Country When Country Wasn't Cool Barbara Mandrell
9%
Mona Lisa Dean Martin
9%
Sock It To Me Missy Elliott
9%
Do the Strand Roxy Music
9%
Operator Manhatten Transfer
7%
Midnight Blue Melissa Manchester
7%
Enola Gay Orchestral Maneuvers in the Dark
7%
The Seven Deadly Sins Flogging Molly
5%
Cosmic Love Florence & the Machine
5%
Cuts Like a Knife John Cougar Mellencamp
5%
Life of the Party Sean Mendes
5%
Shop Around Smokey Robinson & the Miracles
5%
A Lover's Question Clyde McPhatter
2%
Alien Days MGMT
2%
The Impression That I Get Mighty Mighty Bostones
2%
Jesus Built My Hotrod Ministry
2%
Sincerely Moonglows
2%
96 Tears Question Mark & the Mysterians
2%
Good Intentions Big Head Todd & the Monsters
0%
Tessie Dropkick Murphys
0%
Girls Chase Boys Chase Girls Ingrid Michaelson
0%
Bewitched Mel Torme
0%
Wonder Natalie Merchant
0%
Do the Reggay Toots & Maytals
0%
No matching quizzes found
Score Distribution
Percent of People with Each Score
Percentile by Number Answered
Your Score History
You have not taken this quiz